00326nam a2200121 a 450000100100000000500170001000800410002710000220006824500420009026000380013230000210017004000130019100004435820240226143342.0140624s2004 dr 000 0 spa d1 aMañón, Melvin10aDes- y después /cMelvin Mañón. aSanto Domingo :bManatí,c2004. a172 p. ;c21 cm. aDO-SdBNP